Národná banka Slovenska 10 rokov Národnej Banky Slovenska 1993-2003
Salvato in:
| Natura: | Libro |
|---|---|
| Lingua: | slovacco |
| Pubblicazione: |
Bratislava
Národná banka Slovenska
2003
|
| Soggetti: | |
| Tags: |
Nessun Tag, puoi essere il primo ad aggiungerne!!
|
MARC
| LEADER | 00000nam$a2200000$$$4500 | ||
|---|---|---|---|
| 001 | 0005463 | ||
| 005 | 20240318125705.4 | ||
| 020 | |a 80-8043-081-0 | ||
| 041 | 0 | |a slo | |
| 044 | |a SK | ||
| 245 | 1 | 0 | |a Národná banka Slovenska |b 10 rokov Národnej Banky Slovenska 1993-2003 |
| 264 | 1 | |a Bratislava |b Národná banka Slovenska |c 2003 | |
| 300 | |a 39 s. | ||
| 610 | 2 | 0 | |a banky |
| 610 | 2 | 0 | |a banky centrálne |
| 610 | 2 | 0 | |a politika peňažná |
| 610 | 2 | 0 | |a peniaze |
| 610 | 2 | 0 | |a operácie bankové |
| 610 | 2 | 0 | |a Slovensko |
| 610 | 2 | 0 | |a NBS Bratislava |
| 610 | 2 | 0 | |a 1993-2003 |